Expert data structures with C (Record no. 110953)

MARC details
000 -LEADER
fixed length control field 00368nam a2200157Ia 4500
008 - FIXED-LENGTH DATA ELEMENTS--GENERAL INFORMATION
fixed length control field 230917s9999||||xx |||||||||||||| ||und||
040 ## - CATALOGING SOURCE
-- 101515
Original cataloging agency VIVEKANANDA LIBRARY
041 ## - Language
-- English
082 ## - DDC NUMBER
Classification number 005.133 P272E
100 ## - MAIN ENTRY--PERSONAL NAME
Personal name Patel, R B
245 #0 - TITLE STATEMENT
Title Expert data structures with C
250 ## - EDITION STATEMENT
Edition statement 2nd ed.
260 ## - PUBLICATION, DISTRIBUTION, ETC. (IMPRINT)
Place of publication, distribution, etc Delhi
Name of publisher, distributor, etc Khanna
Date of publication, distribution, etc 2004
300 ## - PHYSICAL DESCRIPTION
Pages 909 p.
942 ## - ADDED ENTRY ELEMENTS (KOHA)
Koha item type Books
Holdings
Withdrawn status Lost status Damaged status Not for loan Location (home branch) Sublocation or collection (holding branch) Date acquired Koha issues (times borrowed) Koha full call number Accession No. Koha date last seen Koha item type Shelving location
        VIVEKANANDA LIBRARY VIVEKANANDA LIBRARY 07/05/2004   005.133 P272E 198298 17/09/2023 Books  
        VIVEKANANDA LIBRARY VIVEKANANDA LIBRARY 07/05/2004   005.133 P272E 198299 17/09/2023 Books UIET Library
        VIVEKANANDA LIBRARY VIVEKANANDA LIBRARY 07/05/2004   005.133 P272E 198300 17/09/2023 Books UIET Library
        VIVEKANANDA LIBRARY VIVEKANANDA LIBRARY 07/05/2004   005.133 P272E 198301 17/09/2023 Books  
        VIVEKANANDA LIBRARY VIVEKANANDA LIBRARY 07/05/2004   005.133 P272E 198302 17/09/2023 Books  
        VIVEKANANDA LIBRARY VIVEKANANDA LIBRARY 07/05/2004   005.133 P272E 198303 17/09/2023 Books UIET Library
        VIVEKANANDA LIBRARY VIVEKANANDA LIBRARY 07/05/2004   005.133 P272E 198304 17/09/2023 Books  
        VIVEKANANDA LIBRARY VIVEKANANDA LIBRARY 07/05/2004   005.133 P272E 198305 17/09/2023 Books UIET Library
        VIVEKANANDA LIBRARY VIVEKANANDA LIBRARY 07/05/2004   005.133 P272E 198306 17/09/2023 Books  
        VIVEKANANDA LIBRARY VIVEKANANDA LIBRARY 07/05/2004   005.133 P272E 198307 17/09/2023 Books UIET Library
        VIVEKANANDA LIBRARY VIVEKANANDA LIBRARY 07/05/2004   005.133 P272E 217465 17/09/2023 Books  
        VIVEKANANDA LIBRARY VIVEKANANDA LIBRARY 07/05/2004   005.133 P272E 238170 17/09/2023 Books  
        VIVEKANANDA LIBRARY VIVEKANANDA LIBRARY 07/05/2004   005.133 P272E 238175 17/09/2023 Books UIET Library
        VIVEKANANDA LIBRARY VIVEKANANDA LIBRARY 07/05/2004 1 005.133 P272E 238176 15/02/2024 Books UIET Library
        VIVEKANANDA LIBRARY VIVEKANANDA LIBRARY 07/05/2004   005.133 P272E 238177 17/09/2023 Books  
        VIVEKANANDA LIBRARY VIVEKANANDA LIBRARY 07/05/2004   005.133 P272E 238178 17/09/2023 Books UIET Library
© Designed and Maintained by Vivekananda Library, MDU Rohtak